000 00207 a2200097 4500
001 3190
100 _aFergusson, B
245 _aWavell portrait of A soldier
260 _a
_bcollins
_c
090 _c2470
_d2470
942 _aNUST-CAE
_cM
_c16336
999 _c238263
_d238263